| 000 | 00000nas 22000008a 4500 |
| 001 | 9.845276 |
| 003 | CaOODSP |
| 005 | 20231025091311 |
| 007 | cr ||||||||||| |
| 008 | 171010c20179999quc x m o f0 b0fre|d |
| 040 | |aCaOODSP|bfre |
| 043 | |an-cn--- |
| 086 | 1 |aTU3-10F-PDF |
| 130 | 0 |aBilan d'enquête de sécurité du transport aérien. |
| 245 | 10|aBilan d'enquête de sécurité du transport aérien |h[ressource électronique] |
| 246 | 13|aRapport d'enquête sur la sécurité du transport aérien |
| 260 | |aGatineau, QC : |bBureau de la sécurité des transports du Canada, |c2017- |
| 310 | |aIrrégulier |
| 500 | |aPubl. aussi en anglais sous le titre : Air transportation safety investigation brief. |
| 692 | 07|2gccst|aSécurité aérienne |
| 710 | 2 |aBureau de la sécurité des transports du Canada. |
| 775 | 08|tAir transportation safety investigation brief |w(CaOODSP)9.845270 |